|
|
|
|
| LEADER |
01553nam a2200397Ia 4500 |
| 001 |
EBC429220 |
| 003 |
MiAaPQ |
| 005 |
20200520144314.0 |
| 006 |
m o d | |
| 007 |
cr cn||||||||| |
| 008 |
080125s2007 gw a sb 001 0dger d |
| 020 |
|
|
|z 9783598251252
|
| 035 |
|
|
|a (MiAaPQ)EBC429220
|
| 035 |
|
|
|a (Au-PeEL)EBL429220
|
| 035 |
|
|
|a (CaPaEBR)ebr10275880
|
| 035 |
|
|
|a (CaONFJC)MIL199530
|
| 035 |
|
|
|a (OCoLC)402594567
|
| 040 |
|
|
|a MiAaPQ
|c MiAaPQ
|d MiAaPQ
|
| 050 |
|
4 |
|a DD259.7.H4
|b A44 2007
|
| 100 |
1 |
|
|a Heuss, Theodor,
|d 1884-1963.
|
| 240 |
1 |
0 |
|a Correspondence
|
| 245 |
1 |
0 |
|a Stuttgarter Ausgabe.
|p Briefe.
|p Erzieher zur Demokratie : Briefe 1945-1949
|h [electronic resource] /
|c Theodor Heuss ; herausgegeben von Ernst Wolfgang Becker.
|
| 246 |
3 |
0 |
|a Briefe
|
| 260 |
|
|
|a Munchen :
|b Saur,
|c c2007.
|
| 300 |
|
|
|a 621 p. :
|b ill.
|
| 504 |
|
|
|a Includes bibliographical references and indexes.
|
| 533 |
|
|
|a Electronic reproduction. Ann Arbor, MI : ProQuest, 2015. Available via World Wide Web. Access may be limited to ProQuest affiliated libraries.
|
| 600 |
1 |
0 |
|a Heuss, Theodor,
|d 1884-1963.
|t Correspondence.
|
| 650 |
|
0 |
|a Presidents
|z Germany (West)
|v Correspondence.
|
| 651 |
|
0 |
|a Germany (West)
|x History
|v Sources.
|
| 651 |
|
0 |
|a Germany (West)
|x Politics and government.
|
| 655 |
|
4 |
|a Electronic books.
|
| 700 |
1 |
|
|a Becker, Ernst Wolfgang.
|
| 710 |
2 |
|
|a ProQuest (Firm)
|
| 800 |
1 |
|
|a Heuss, Theodor,
|d 1884-1963.
|t Works.
|f 2007.
|
| 856 |
4 |
0 |
|u https://ebookcentral.proquest.com/lib/matrademy/detail.action?docID=429220
|z Click to View
|